000 00489nam a2200181Ia 4500
008 191130s2004##################000#0#eng##
020 _a9780116217257
040 _aACL
_cACL
082 _a301.329 NAT.117
245 _aPopulation trends autumn 2004
260 _aNorwich
_bTSO
_c2004
300 _a89 p. : ill. ; 27 cm
650 _aSocial Research & Statistics
710 _aNational Statistics
990 _a08423c61ac10000c4a80cc5cefdcf694
991 _a391613
999 _c40108
_d40108